[Event "BCF-ch Major"]
[Site "Hull"]
[Date "2024.07.31"]
[Round "5"]
[White "Borissow, Magnus"]
[Black "Whittington, Reece W"]
[Result "1-0"]
[WhiteElo "1906"]
[BlackElo "1793"]
[PlyCount "116"]
[EventDate "2024.07.27"]
[EventType "swiss"]
[EventRounds "9"]
[EventCountry "ENG"]
[SourceTitle "CBM 221 Extra"]
[Source "ChessBase"]
[SourceDate "2024.09.30"]
[SourceVersion "1"]
[SourceVersionDate "2024.09.30"]
[SourceQuality "1"]

1. e4 e6 2. d3 d5 3. Nd2 c5 4. Ngf3 Nc6 5. g3 Bd6 6. Bg2 Nge7 7. 0-0 Qc7 8. Re1 0-0 9. Qe2 dxe4 10. dxe4 e5 11. c3 h6 12. Nc4 Be6 13. Rd1 Rad8 14. Be3 b6 15. Rd2 Ng6 16. h4 Bg4 17. Qf1 Rfe8 18. Nh2 Bc8 19. Nxd6 Rxd6 20. Rxd6 Qxd6 21. Rd1 Qc7 22. Bf3 Nf8 23. Be2 Ne6 24. Bc4 Rd8 25. Bc1 Rxd1 26. Qxd1 Qd7 27. Qe2 Nc7 28. Nf1 Na5 29. Bd3 Bb7 30. Ne3 Qe6 31. Nf5 Ne8 32. b4 cxb4 33. cxb4 Nc6 34. Bc4 Qf6 35. Qd3 Qd8 36. Qb3 Qf6 37. Qd1 Nd4 38. Nxd4 exd4 39. f3 Nd6 40. Be2 b5 41. Bb2 Qe5 42. Kh2 Nc4 43. Bxd4 Qd6 44. Bc5 Qxd1 45. Bxd1 f6 46. Bxa7 Kf7 47. a4 bxa4 48. Bxa4 Nd2 49. Kg2 Ke6 50. Be3 Nc4 51. Kf2 Ne5 52. Bb5 f5 53. exf5+ Kxf5 54. g4+ Ke6 55. Be2 Kd5 56. f4 Nc6 57. b5 Nd8 58. Bb6 Bc8 1-0

[Event "ECF Schools-ch"]
[Site "Nottingham"]
[Date "2024.06.28"]
[Round "4.1"]
[White "Borissow, Magnus"]
[Black "Tombolis, Christopher"]
[Result "1/2-1/2"]
[WhiteElo "2069"]
[BlackElo "2088"]
[PlyCount "79"]
[EventDate "2024.06.27"]
[EventType "team-swiss"]
[EventRounds "5"]
[EventCountry "ENG"]
[SourceTitle "EXT 2025"]
[Source "ChessBase"]
[SourceDate "2024.10.14"]
[SourceVersion "1"]
[SourceVersionDate "2024.10.14"]
[SourceQuality "1"]
[WhiteTeam "RGS Guildford"]
[BlackTeam "St Paul School"]
[WhiteTeamCountry "ENG"]
[BlackTeamCountry "ENG"]

1. e4 c5 2. c3 g6 3. d4 cxd4 4. cxd4 d5 5. e5 Bg7 6. Nc3 Nc6 7. Bb5 Nh6 8. h3 0-0 9. Bxc6 bxc6 10. Nf3 Ba6 11. Na4 f6 12. Nc5 Qc8 13. Qa4 Bb5 14. Qa5 fxe5 15. a4 e4 16. Ne5 Bd3 17. Bxh6 Bxh6 18. Nexd3 exd3 19. 0-0 d2 20. Nb3 Rb8 21. Nxd2 Rxb2 22. Nf3 Rxf3 23. gxf3 Qxh3 24. Qd8+ Kf7 25. Qc7 Qxf3 26. Rae1 Qg4+ 27. Kh1 Qh4+ 28. Qh2 Qxh2+ 29. Kxh2 Rb4 30. Kg2 Bg7 31. Rc1 Bxd4 32. Rxc6 Rxa4 33. Rd1 h5 34. Rd2 e6 35. Re2 e5 36. Rd6 Ra5 37. Rc2 Bb6 38. Rcc6 Ra2 39. Rf6+ Ke7 40. Rfe6+ 1/2-1/2

[Event "Daventry 4NCL Easter op-B 3rd"]
[Site "Daventry"]
[Date "2023.04.10"]
[Round "6"]
[White "Borissow, Magnus"]
[Black "Jackson, Gary"]
[Result "1-0"]
[WhiteElo "1582"]
[BlackElo "1773"]
[PlyCount "75"]
[EventDate "2023.04.07"]
[EventType "swiss"]
[EventRounds "7"]
[EventCountry "ENG"]
[SourceTitle "EXT 2024"]
[Source "ChessBase"]
[SourceDate "2023.10.10"]
[SourceVersion "1"]
[SourceVersionDate "2023.10.10"]
[SourceQuality "1"]

1. e4 c5 2. Nc3 d6 3. f4 Nc6 4. Nf3 g6 5. Bb5 Bd7 6. 0-0 Bg7 7. Bxc6 Bxc6 8. d3 Nf6 9. Qe1 b5 10. e5 Nd5 11. Ne4 0-0 12. Qh4 Nb4 13. f5 Bxe4 14. dxe4 Nxc2 15. Bh6 f6 16. Rad1 Nd4 17. Kh1 dxe5 18. Be3 a5 19. Qg4 Qe8 20. Nh4 g5 21. Bxd4 cxd4 22. Nf3 Rc8 23. Rc1 Qf7 24. b3 Rc3 25. Rxc3 dxc3 26. Ne1 Rd8 27. Qe2 Qe8 28. a4 bxa4 29. Qc4+ Qf7 30. Qxa4 Rd4 31. Qxa5 Qxb3 32. Rf3 Rd1 33. Re3 Qc4 34. h3 Qf1+ 35. Kh2 Qf4+ 36. Rg3 Qf2 37. Qxc3 Bf8 38. Qb3+ 1-0

[Event "Daventry 4NCL Easter op-B 3rd"]
[Site "Daventry"]
[Date "2023.04.08"]
[Round "3"]
[White "Pitts, Daniel"]
[Black "Borissow, Magnus"]
[Result "0-1"]
[WhiteElo "1496"]
[BlackElo "1582"]
[PlyCount "102"]
[EventDate "2023.04.07"]
[EventType "swiss"]
[EventRounds "7"]
[EventCountry "ENG"]
[SourceTitle "EXT 2024"]
[Source "ChessBase"]
[SourceDate "2023.10.10"]
[SourceVersion "1"]
[SourceVersionDate "2023.10.10"]
[SourceQuality "1"]

1. e4 c5 2. c3 Nf6 3. e5 Nd5 4. Bc4 Nb6 5. Bb3 Nc6 6. Nf3 d6 7. exd6 Qxd6 8. h3 Bf5 9. Na3 Bd3 10. Ng1 c4 11. Bc2 Qe5+ 12. Ne2 e6 13. Kf1 Bxa3 14. bxa3 Rd8 15. Bxd3 Rxd3 16. Ng3 0-0 17. Qe2 Qf6 18. Ne4 Qe7 19. f3 Rfd8 20. Nf2 R3d5 21. g3 Ne5 22. Kg2 Nd3 23. Ng4 Nxc1 24. Qe3 Rxd2+ 25. Nf2 Nd3 26. Qxd2 Qxa3 27. Qc2 Nxf2 28. Kxf2 Nd5 29. Rhd1 Qc5+ 30. Ke2 Qe3+ 31. Kf1 Qxf3+ 32. Kg1 Qxg3+ 33. Qg2 Qxg2+ 34. Kxg2 Ne3+ 35. Kf3 Rxd1 36. Rxd1 Nxd1 37. Kf4 Nxc3 38. a3 Nd5+ 39. Ke4 c3 40. Kd3 g5 41. a4 h5 42. a5 g4 43. a6 bxa6 44. hxg4 hxg4 45. Ke2 g3 46. Kf3 c2 47. Kxg3 c1Q 48. Kg4 Qf4+ 49. Kh3 Qg5 50. Kh2 Nf4 51. Kh1 Qg2# 0-1

[Event "Daventry 4NCL Easter op-B 3rd"]
[Site "Daventry"]
[Date "2023.04.07"]
[Round "1"]
[White "Baxter, Martin"]
[Black "Borissow, Magnus"]
[Result "0-1"]
[WhiteElo "1766"]
[BlackElo "1582"]
[PlyCount "74"]
[EventDate "2023.04.07"]
[EventType "swiss"]
[EventRounds "7"]
[EventCountry "ENG"]
[SourceTitle "EXT 2024"]
[Source "ChessBase"]
[SourceDate "2023.10.10"]
[SourceVersion "1"]
[SourceVersionDate "2023.10.10"]
[SourceQuality "1"]

1. e4 c5 2. a3 g6 3. c3 d5 4. e5 d4 5. cxd4 cxd4 6. Nf3 Bg7 7. Bc4 Nc6 8. Qe2 e6 9. d3 Nxe5 10. Nxe5 Qa5+ 11. b4 Qxe5 12. Qxe5 Bxe5 13. 0-0 Bd7 14. Nd2 b5 15. Bb3 Bc6 16. Bb2 Ne7 17. Rfe1 Bg7 18. Rac1 0-0 19. Ne4 Bxe4 20. Rxe4 Rac8 21. Rxc8 Rxc8 22. f4 Rd8 23. g4 Nc8 24. Kf2 Nd6 25. Re1 h6 26. Rc1 Rc8 27. Re1 Kf8 28. Kf3 Rc7 29. h4 h5 30. gxh5 gxh5 31. Rg1 Bf6 32. Kg3 Nf5+ 33. Kh3 Bxh4 34. Bd1 Bf2 35. Rg5 f6 36. Rxh5 Rg7 37. Bg4 Ne3 0-1

[Event "Leamington Spa 4NCL op-C 28th"]
[Site "Leamington Spa"]
[Date "2022.07.10"]
[Round "4"]
[White "Borissow, Magnus"]
[Black "Khomytska, Kateryna"]
[Result "1/2-1/2"]
[WhiteElo "1528"]
[BlackElo "1297"]
[PlyCount "85"]
[EventDate "2022.07.08"]
[EventType "swiss"]
[EventRounds "5"]
[EventCountry "ENG"]
[SourceTitle "CBM 209 Extra"]
[Source "ChessBase"]
[SourceDate "2022.09.30"]
[SourceVersion "1"]
[SourceVersionDate "2022.09.30"]
[SourceQuality "1"]

1. e4 e5 2. Bc4 Bc5 3. d4 exd4 4. Bxf7+ Kxf7 5. Qh5+ g6 6. Qxc5 Nc6 7. Nf3 Qe7 8. Qd5+ Kg7 9. 0-0 Nf6 10. Qc4 Qxe4 11. Re1 Qd5 12. Qd3 d6 13. Bg5 Bf5 14. Bxf6+ Kxf6 15. Nc3 Qc5 16. Ne4+ Bxe4 17. Qxe4 Rae8 18. Qh4+ Kg7 19. Ng5 Ne5 20. Ne4 Qc4 21. Qf6+ Kh6 22. Qh4+ Kg7 23. Qf6+ Kh6 24. Nxd6 cxd6 25. Re4 Nf3+ 26. gxf3 Rxe4 27. fxe4 Re8 28. Rd1 Qxc2 29. Rxd4 Rxe4 30. Qf8+ Kg5 31. h4+ Kg4 32. Qxd6 Kf3 33. Qf6+ Ke2 34. Kg2 Rxd4 35. Qf3+ Ke1 36. Qe3+ Qe2 37. Qxd4 Qf1+ 38. Kg3 Qg1+ 39. Kf3 Qh1+ 40. Kg3 Qg1+ 41. Kf3 Qh1+ 42. Kg3 Qg1+ 43. Kf3 1/2-1/2

[Event "Leamington Spa 4NCL op-C 28th"]
[Site "Leamington Spa"]
[Date "2022.07.08"]
[Round "1"]
[White "Borissow, Magnus"]
[Black "Fearnhead, Paul N"]
[Result "1-0"]
[WhiteElo "1528"]
[BlackElo "1694"]
[PlyCount "86"]
[EventDate "2022.07.08"]
[EventType "swiss"]
[EventRounds "5"]
[EventCountry "ENG"]
[SourceTitle "CBM 209 Extra"]
[Source "ChessBase"]
[SourceDate "2022.09.30"]
[SourceVersion "1"]
[SourceVersionDate "2022.09.30"]
[SourceQuality "1"]

1. e4 d6 2. d4 Nf6 3. Nc3 e5 4. dxe5 dxe5 5. Qxd8+ Kxd8 6. Bg5 Be6 7. 0-0-0+ Nbd7 8. f4 exf4 9. e5 h6 10. Bxf6+ gxf6 11. exf6 c6 12. Nge2 Bg4 13. h3 Bh5 14. Rd3 Bg6 15. Rf3 Nxf6 16. Nxf4 Bg7 17. Nxg6 fxg6 18. Bd3 g5 19. Rhf1 Rf8 20. Bg6 Kc7 21. Ne2 Rad8 22. Ng3 Nd7 23. Nf5 Be5 24. g3 Rf6 25. Bh5 Rdf8 26. Bg4 Rh8 27. Ne3 Rhf8 28. Bf5 h5 29. g4 Bf4 30. Kd1 hxg4 31. hxg4 Rd6+ 32. Ke2 Rh8 33. Bxd7 Rxd7 34. b3 Re7 35. Rxf4 gxf4 36. Rxf4 Rhe8 37. Rf3 Re5 38. Kf2 Ra5 39. Rf7+ Kc8 40. Nc4 Rd5 41. g5 Rg8 42. g6 Rxg6 43. Rf8+ Kc7 1-0

[Event "ENG-ch U16/18"]
[Site "Milton Keynes"]
[Date "2021.10.02"]
[Round "2"]
[White "Borissow, Magnus"]
[Black "Ali, Shahvez"]
[Result "0-1"]
[WhiteElo "1433"]
[BlackElo "1773"]
[PlyCount "84"]
[EventDate "2021.10.02"]
[EventType "swiss"]
[EventRounds "5"]
[EventCountry "ENG"]
[SourceTitle "EXT 2023"]
[Source "ChessBase"]
[SourceDate "2022.10.05"]
[SourceVersion "1"]
[SourceVersionDate "2022.10.05"]
[SourceQuality "1"]

1. e4 e6 2. d4 d5 3. e5 c5 4. c3 Qb6 5. Nf3 Bd7 6. a3 Ne7 7. Bd3 Nbc6 8. dxc5 Qxc5 9. Be3 Qa5 10. Nbd2 Ng6 11. Bd4 Nxd4 12. cxd4 Nf4 13. Bf1 Bb5 14. b4 Qb6 15. g3 Nd3+ 16. Bxd3 Bxd3 17. Nb3 Bb5 18. Ng1 Ba4 19. Rb1 a5 20. Qd3 axb4 21. Nc5 Bxc5 22. dxc5 Qxc5 23. axb4 Qc4 24. Qxc4 dxc4 25. Ne2 Ke7 26. 0-0 Bc2 27. Rb2 Bd3 28. Rc1 Bxe2 29. Rxe2 b5 30. Rc3 Rhd8 31. f4 Rd1+ 32. Kf2 Rb1 33. Ke3 Rxb4 34. Kd4 Rc8 35. Ra2 Rc7 36. Ra6 Rb2 37. Rca3 Rd2+ 38. Kc3 Rd3+ 39. Kb4 Rxa3 40. Rxa3 c3 41. Rxc3 Rxc3 42. Kxc3 Kd7 0-1

[Event "ENG-ch U16/18"]
[Site "Milton Keynes"]
[Date "2021.10.02"]
[Round "3"]
[White "Kuzhelev, Timur"]
[Black "Borissow, Magnus"]
[Result "1-0"]
[WhiteElo "1874"]
[BlackElo "1433"]
[PlyCount "49"]
[EventDate "2021.10.02"]
[EventType "swiss"]
[EventRounds "5"]
[EventCountry "ENG"]
[SourceTitle "EXT 2023"]
[Source "ChessBase"]
[SourceDate "2022.10.05"]
[SourceVersion "1"]
[SourceVersionDate "2022.10.05"]
[SourceQuality "1"]

1. e4 c5 2. Nc3 Nc6 3. Bb5 Nd4 4. Bc4 e6 5. Nf3 a6 6. a4 Nc6 7. 0-0 Nf6 8. d4 d5 9. exd5 exd5 10. Re1+ Be7 11. Bf1 0-0 12. h3 Bf5 13. Be3 cxd4 14. Nxd4 Nxd4 15. Bxd4 Ne4 16. Bd3 Nxc3 17. Bxc3 Bg6 18. Bd4 Rc8 19. c3 Bc5 20. Bxc5 Rxc5 21. Bxg6 fxg6 22. Re5 Rxf2 23. Qd4 Rxg2+ 24. Kxg2 Qc8 25. Rae1 1-0